LIBRARY & INFORMATION CENTRE, KCAET, TAVANUR

ONLINE PUBLIC ACCESS CATALOGUE (OPAC)

Social forestry plantations / (Record no. 7296)

MARC details
000 -LEADER
fixed length control field 00478cam a2200193ua 4500
041 ## - LANGUAGE CODE
Language code of text/sound track or separate title eng
082 ## - DEWEY DECIMAL CLASSIFICATION NUMBER
Classification number 634.9
Item number TIW/SO
100 ## - MAIN ENTRY--AUTHOR NAME
Personal name Tiwari, K M .
245 ## - TITLE STATEMENT
Title Social forestry plantations /
250 ## - EDITION STATEMENT
Edition statement 1 /
260 ## - PUBLICATION, DISTRIBUTION, ETC. (IMPRINT)
Place of publication New Delhi :
Name of publisher Oxford & IBH Publishing company ,
Year of publication 1984.
300 ## - PHYSICAL DESCRIPTION
Number of Pages 79 ; .
700 1# - ADDED ENTRY--PERSONAL NAME
Personal name Singh, R v .
942 ## - ADDED ENTRY ELEMENTS (KOHA)
Koha item type Books
Holdings
Withdrawn status Lost status Damaged status Home library Current library Date acquired Full call number Accession Number Koha item type
      KAUAET KAUAET 28/03/1987 631.9 TIW/SO 16307 Books
free website counter